Krosno - quiz wielokrotnego wyboru - Statystyki

Ogólne statystyki
  • Ten quiz został rozwiązany 72 razy
    71 od ostatniego zresetowania
  • Średni wynik to 8 z 10
Statystyki odpowiedzi
Zagadnienie Odpowiedź % Poprawnych
W jakim województwie leży Krosno? Podkarpackie
100%
Czego huta znajduje się w Krośnie? Szkła
90%
Jaka jest dewiza Krosna (przydomek)? Krosno Miasto Szkła
85%
Czego NIE ma w Krośnie? Autostrady
84%
Jaka rzeka przepływa przez Krosno? Wisłok
84%
Która z flag to flaga Krosna?
72%
Jaki zamek leży w okolicach Krosna? Zamek Kamieniec w Odrzykoniu
70%
Które zdjęcie przedstawia Krosno?
64%
W Muzeum Podkarpackim w Krośnie znajduje się największa w Europie kolekcja... Lamp naftowych
61%
Przez co Krosno przestało być miastem partnerskim Sátoraljaújhely z Węgier? Przewodniczący nie potrafił wypowiedzieć jego nazwy
52%
Nie znaleziono quizów pasujących do podanych kryteriów
Rozkład punktacji
Procent ludzi z każdym wynikiem
Percentyl według liczby udzielonych odpowiedzi
Twoja historia wyników
Nie rozwiązałeś tego quizu od ostatniego zresetowania